00737nam a2200169 i 4500001000700000003000900007005001700016008004100033040002000074100003400094245017200128260005700300300002100357600003000378710006300408852009600471164484ES-MaACL20250921063037.0970414s1884 sp |||| | spa d aCYL bspa cCYL1 aSalvá, Melchor, d1834-191814aUna nota acerca de Virgilio en el XIX centenario de su muerte b: memoria leida ante la Real Academia de Ciencias Morales y Políticas / cpor Sr. D. Melchor Salvá. aMadrid : b[s.n.], c1884 (fTipografía Gutenberg) a12 p. ; c26 cm.04aVirgilio Marón, Publio.2 aReal Academia de Ciencias Morales y Políticas (España) aES-MaACLjT-384-F-3 z-- Enc. hol., falto de la cub. original z-- Enc. en un vol. facticio